| 000 | 00992nam a2200265Ia 4500 | ||
|---|---|---|---|
| 003 | GCL | ||
| 008 | 140319s9999 xx 000 0 ara d | ||
| 020 | _a4086829953 | ||
| 040 |
_aGCL / _cGCL |
||
| 082 | 0 | 4 |
_a962.45 _bا س |
| 100 | 1 | _aاجلال رافت | |
| 245 | 1 | 0 |
_aالسودان على مفترق الطرق بعد الحرب 00 قبل السلام / _cاجلال رافت |
| 700 | 1 | _aعبده مختار موسى | |
| 700 | 1 | _aاسماء حسين محمد ادم | |
| 250 | _aالاولى | ||
| 260 |
_aبيروت : _bمركز دراسات الوحدة العربية ، _c2006 |
||
| 300 |
_a287 ص ؛ _c24 سم |
||
| 490 |
_aسلسلة كتب المستقبل العربى _v50 |
||
| 650 | 0 | 4 | _aالحرب والسلام |
| 650 | 0 | 4 | _aالسودان - الاحوال السياسية |
| 650 | 0 | 4 | _aالسودان - الاحوال الاجتماعية |
| 650 | 0 | 4 | _aدارفور - الحرب الاهلية |
| 650 | 0 | 4 | _aاتفاقية ماشاكوس |
| 942 |
_2ddc _cBK |
||
| 999 |
_c8986 _d8986 |
||